000 00632nam a2200229Ia 4500
003 OSt
005 20220923214717.0
006 a|||||r|||| 00| 0
007 ta
008 220922b |||||||| |||| 00| 0 hin d
024 _a171,908
037 _cTextual
040 _aARTS
_cARTS
_bhin
041 _2hin
_ahin
082 _aO152:3N312:1, K8
100 _aवर्मा, श्रीकान्त
245 0 _aदूसरी बार
246 _aDūsarī bāra
260 _c1968
942 _hO152:3N312:1, K8
_cTEXL
_2CC
999 _c326049
_d326049